书目信息 |
| 题名: |
电气防爆检查工
|
|
| 作者: | ;国家安全生产监督管理总局 编 | |
| 分册: | ||
| 出版信息: | 徐州 中国矿业大学出版社 2009.04 |
|
| 页数: | 266页 | |
| 开本: | 21cm | |
| 丛书名: | ||
| 单 册: | ||
| 中图分类: | TD684 | |
| 科图分类: | ||
| 主题词: | 防爆电气设备--安全技术--安全教育--教材 | |
| 电子资源: | ||
| ISBN: | 978-7-5646-0176-8 | |
| 000 | 01012nam0 2200241 450 | |
| 001 | 004260604 | |
| 005 | 20100806084410.28 | |
| 010 | @a978-7-5646-0176-8@dCNY21.00 | |
| 090 | @aTD68@bwjf | |
| 100 | @a20100515d2009 em y0chiy50 ea | |
| 101 | 0 | @achi |
| 102 | @aCN@b320000 | |
| 105 | @aa z 000yy | |
| 200 | 1 | @a电气防爆检查工@Adian qi fang bao jian cha gong@f国家安全生产监督管理总局宣传教育中心编@Fguo jia an quan sheng chan jian du guan li zong ju xuan chuan jiao yu zhong xin bian |
| 210 | @a徐州@c中国矿业大学出版社@d2009.04 | |
| 215 | @a266页@c图@d21cm | |
| 300 | @a煤矿岗位工种安全技能培训统编教材系列 | |
| 330 | @a本书内容包括:煤矿安全生产法律法规、煤矿安全生产隐患的识别与治理、矿井供电系统及井下供电安全、电气防爆检查工违章行为及警示案例等共三部分12章。 | |
| 606 | 0 | @a防爆电气设备@x安全技术@x安全教育@j教材 |
| 690 | @aTD684@v4 | |
| 711 | 02 | @a国家安全生产监督管理总局@Aguo jia an quan sheng chan jian du guan li zong ju@b宣传教育中心@4编 |
| 801 | 0 | @aCN@c20100515 |
| 905 | @dTD684@eG894@f5 | |
| 电气防爆检查工/国家安全生产监督管理总局宣传教育中心编.-徐州:中国矿业大学出版社,2009.04 |
| 266页:图;21cm |
| 煤矿岗位工种安全技能培训统编教材系列 |
| ISBN 978-7-5646-0176-8:CNY21.00 |
| 本书内容包括:煤矿安全生产法律法规、煤矿安全生产隐患的识别与治理、矿井供电系统及井下供电安全、电气防爆检查工违章行为及警示案例等共三部分12章。 |
| ● |
| 相关链接 |
|
|
|
正题名:电气防爆检查工
索取号:TD684/G894
 
预约/预借
| 序号 | 登录号 | 条形码 | 馆藏地/架位号 | 状态 | 备注 |
| 1 | 996800 | 209968007 | 自科库501/501自科库 21排2列2层/ [索取号:TD684/G894] | 在馆 | |
| 2 | 996801 | 209968016 | 自科库501/501自科库 21排2列2层/ [索取号:TD684/G894] | 在馆 | |
| 3 | 996802 | 209968025 | 自科库501/501自科库 21排2列2层/ [索取号:TD684/G894] | 在馆 | |
| 4 | 996803 | 209968034 | 自科二线504/504自科库 41排6列6层/ [索取号:TD684/G894] | 在馆 | |
| 5 | 996804 | 209968043 | 自科二线504/504自科库 41排6列6层/ [索取号:TD684/G894] | 在馆 |